| 000 | 00676nam a2200217Ia 4500 | ||
|---|---|---|---|
| 003 | GCL | ||
| 005 | 20240530095049.0 | ||
| 008 | 140319s9999 xx 000 0 ara d | ||
| 020 | _a9055819977 | ||
| 040 |
_aGCL / _cGCL |
||
| 082 | 0 | 4 |
_a700.932 _bق/ش ت |
| 100 | 1 | _aشكرى صادق | |
| 245 | 1 | 0 |
_aتاريخ الفنون الجميلة عند قدماء المصريين / _cشكرى صادق |
| 260 |
_aالقاهرة : _bمكتبة ومطبعة الغد ، _c1999 |
||
| 300 |
_a106 ص ؛ _c22 سم |
||
| 650 | 0 | 4 | _aالفنون الجميلة |
| 650 | 0 | 4 | _aالحضارة الفرعونية |
| 650 | 0 | 4 | _aالرسم |
| 650 | 0 | 4 | _aالزخرفة |
| 942 |
_2ddc _cBK |
||
| 999 |
_c3774 _d3774 |
||